|
|
|
|
| LEADER |
01155pam a22002658a 4500 |
| 001 |
00023295 |
| 005 |
20171026081022.0 |
| 008 |
110616s2007 ||||||Viesd |
| 041 |
0 |
# |
|a Vie
|
| 082 |
1 |
4 |
|a 372.6
|b C125T
|
| 100 |
0 |
# |
|a Nguyễn Quý Thành
|
| 245 |
0 |
0 |
|a Câu Tiếng Việt và luyện câu cho học sinh Tiểu Học
|b Tài liệu đào tạo giáo viên tiểu học trình độ Đại Học
|c Nguyễn Quý Thành
|
| 260 |
# |
# |
|a H.
|b Hà Nội
|c 2007
|
| 300 |
# |
# |
|a 202 tr.
|c 27 cm.
|
| 500 |
# |
# |
|a ĐTTS ghi: Bộ Giáo Dục và Đào Tạo Dự án phát triển giáo viên tiểu học
|
| 653 |
# |
# |
|a Câu tiếng việt
|
| 653 |
# |
# |
|a Tiểu học
|
| 653 |
# |
# |
|a Tiếng việt
|
| 653 |
# |
# |
|a Dạy học
|
| 852 |
# |
# |
|b Kho giáo trình
|j KGT.0022978, KGT.0022979, KGT.0022980, KGT.0022981
|
| 852 |
# |
# |
|j KD.0009699
|j KGT.0022978
|j KGT.0022980
|j KGT.0022981
|j KGT.0022979
|j KGT.0059584
|
| 852 |
# |
# |
|b Kho đọc
|j KD.0009699
|
| 852 |
# |
# |
|b Kho mượn
|j KGT.0022979
|
| 910 |
0 |
# |
|a duyên
|d 16/06/2011
|
| 980 |
# |
# |
|a Trung tâm Học liệu Lê Vũ Hùng, Trường Đại học Đồng Tháp
|